| 000 | 00609nam a2200217Ii 4500 | ||
|---|---|---|---|
| 003 | JO-AjNU | ||
| 008 | 230606s9999||||xx |||||||||||||| ||und|| | ||
| 020 | _a0-201-70073-5 | ||
| 040 |
_aJO-AjNU _beng _erda _cJO-AjNU |
||
| 041 | _aeng | ||
| 050 | 1 | 4 | _aQ67.73.C153.S77.2000 |
| 100 | 3 |
_aSTROUSTRUP,BJARNE, _eauthor _9757 |
|
| 245 | 0 | 4 | _aTHE C++ PROGRAMMMING LANGUAGE |
| 250 | _aSPECIAL ED | ||
| 264 | 3 | 1 | _aLondon:addison-Wesley,2000 |
| 300 | _a1020p | ||
| 336 |
_atext _btxt _2rdacontent |
||
| 337 |
_aunmediated _bn _2rdamedia |
||
| 338 |
_avolume _bnc _2rdacarrier |
||
| 650 | 4 |
_a PROGRAMMMING LANGUAGE _9758 |
|
| 999 |
_aE399 _c399 _d399 |
||